Prak swadhin Bharatat shiksha/ (Record no. 11299)

MARC details
000 -LEADER
fixed length control field 00697nam a22002417a 4500
005 - DATE AND TIME OF LATEST TRANSACTION
control field 20260515114920.0
008 - FIXED-LENGTH DATA ELEMENTS--GENERAL INFORMATION
fixed length control field 220531b ||||| |||| 00| 0 eng d
020 ## - INTERNATIONAL STANDARD BOOK NUMBER
International Standard Book Number 9789391060251
040 ## - CATALOGING SOURCE
Original cataloging agency IN-DiNC
Transcribing agency IN-DiNC
041 ## - LANGUAGE CODE
Language code of sung or spoken text asm
082 ## - DEWEY DECIMAL CLASSIFICATION NUMBER
Classification number 370.54
Item number PRA
245 ## - TITLE STATEMENT
Title Prak swadhin Bharatat shiksha/
Statement of responsibility, etc. by Nabanita Deka and others
250 ## - EDITION STATEMENT
Edition statement 1st ed.
260 ## - PUBLICATION, DISTRIBUTION, ETC.
Place of publication, distribution, etc. Dibrugarh:
Name of publisher, distributor, etc. Banalata.
Date of publication, distribution, etc. 2021.
300 ## - PHYSICAL DESCRIPTION
Extent 350p.
650 ## - SUBJECT ADDED ENTRY--TOPICAL TERM
Topical term or geographic name entry element Education in pre independant India
700 ## - ADDED ENTRY--PERSONAL NAME
Personal name Deka, Nabanita
Relator term author
700 ## - ADDED ENTRY--PERSONAL NAME
Personal name Baruah, Mamoni Gogoi
Relator term author
700 ## - ADDED ENTRY--PERSONAL NAME
Personal name Tamuli, Purnima
Relator term author
700 ## - ADDED ENTRY--PERSONAL NAME
Personal name Baruah, Mamoni
Relator term author
700 ## - ADDED ENTRY--PERSONAL NAME
Personal name Lahkar, Bornali
Relator term author
942 ## - ADDED ENTRY ELEMENTS (KOHA)
Source of classification or shelving scheme Dewey Decimal Classification
Koha item type Books
Holdings
Withdrawn status Lost status Source of classification or shelving scheme Damaged status Not for loan Collection Home library Current library Shelving location Date acquired Cost, normal purchase price Total checkouts Full call number Barcode Date last seen Date last checked out Copy number Price effective from Koha item type
    Dewey Decimal Classification       Naharkatiya College Library Naharkatiya College Library General stacks 05/31/2022 390.00 19 370.54 PRA 28877 04/20/2026 04/20/2026 1 05/31/2022 Books
    Dewey Decimal Classification       Naharkatiya College Library Naharkatiya College Library General stacks 05/31/2022 390.00 16 370.54 PRA 28878 04/20/2026 04/04/2026 2 05/31/2022 Books